000 01164cas a2200337 a 4500
005 20240211191814.0
008 980810c19979999ja ar p 0 0jpn
010 _a 00207843
035 _a(OCoLC)ocm43793331
040 _aDLC
_beng
_cDLC
_dOCLCQ
_dOCLCF
_dOCLCO
_dOCLCQ
041 0 _ajpn
_aeng
042 _apcc
043 _aa-ja---
092 0 4 _a306.95205
_bG733
_221
099 _a04
_a306.95205 G733
222 0 _agraduate school of okinawa international university =
_b沖縄国際大学大学院
245 0 0 _aokinaw international school
246 3 1 _agraduate school of regional culture
260 _6880-03
_aOkinawa-ken Ginowan-shi :
_bOkinawa Kokusai Daigaku Sogo Gakujutsu Gakkai
300 _av. :
_bill. ;
_c30 cm.
310 _aAnnual
500 _agraduate school of regional culture.
546 _aChiefly in Japanese; some also in English.
650 0 _aculture
_zJapan
_vPeriodicals.
650 0 _ajapan
_vPeriodicals.
710 2 _aagraduate school of regional culture.
905 _aSOZAN
_eCat.
905 _eRev.
942 _2ddc
_cBK
999 _c150185
_d150185